Normal view
MARC view
Entry Topical Term
001 - CONTROL NUMBER
- control field: 24127
003 - CONTROL NUMBER IDENTIFIER
- control field: OSt
005 - DATE AND TIME OF LATEST TRANSACTION
- control field: 20151229154351.0
008 - FIXED-LENGTH DATA ELEMENTS
- fixed length control field: 151229|| aca||aabn | a|a d
040 ## - CATALOGING SOURCE
- Original cataloging agency: OSt
- Transcribing agency: OSt
150 ## - HEADING--TOPICAL TERM
- Topical term or geographic name entry element: Religion
670 ## - SOURCE DATA FOUND
- Source citation: Work cat.: (OSt)35316: Desai, Mahadev 24126, The Gospel of Selfless Action or The Gita according to Gandhi, 1951









